000 00556nam a2200145Ia 4500
008 231129s2011||||xx |||||||||||||| ||spa||
020 _a978-958-653-907-4
040 _bspa
082 _a(EN PROCESO DE DESCARTE) 342.861066026 C718
100 _aColombia
245 0 _aCódigo Contencioso Administrativo. Decreto 01 de 1984: Además incluye: Nuevo Código de Procedimiento Administrativo y de lo Contencioso Administrativo - Ley 1437 de 2011 -
260 _c2011
264 _aBogotá Colombia: Legis
942 _2ddc
_cBKS
999 _c7126
_d7126